San Jose Sharks 2025-2026 Roster - Statistics

General Stats
  • This quiz has been taken 496 times
    494 since last reset
  • The average score is 15 of 25
Answer Stats
Jersey # Pos Player % Correct
2 C Will Smith
99%
71 C Macklin Celebrini
98%
72 LW William Eklund
88%
73 C Tyler Toffoli
87%
77 C Michael Misa
81%
51 RW Collin Graf
77%
75 RW Ryan Reaves
74%
30 G Yaroslav Askarov
73%
21 C Alexander Wennberg
72%
6 D Sam Dickinson
71%
9 D Dmitry Orlov
64%
3 D John Klingberg
64%
38 D Mario Ferraro
63%
23 RW Barclay Goodrow
60%
81 RW Adam Gaudette
58%
33 G Alex Nedeljkovic
58%
4 D Nick Leddy
54%
10 C Ty Dellandrea
51%
85 D Shakir Mukhamadullin
46%
5 D Vincent Desharnais
46%
96 C Philipp Kurashev
43%
53 LW Jeff Skinner
34%
37 D Timothy Liljegren
27%
94 D Ryan Ellis
3%
17 RW Oskar Olausson
2%
No matching quizzes found
Score Distribution
Percent of People with Each Score
Percentile by Number Answered
Your Score History
You have not taken this quiz since the last reset